000 00546nam a2200157 4500
008 170323b xxu||||| |||| 00| 0 eng d
022 _a01153544
082 _aDPer 338.05 En86 Apr-Jul 2015 v. 15, n. 158-161
100 _919504
_aPe, Charlene
245 _aBiting the bullet:
_bwhy you buy when you can lease?/
_cCharlene Pe.
260 _aPhilippines:
_bSummit Media,
_cApr-Jul 2015.
300 _av15 n160, pages 25-27:
_billustrations,
_c28 cm.
500 _aEntrepreneur.
650 0 _919505
_aBusiness
_xInstallment
942 _2ddc
_cPER
999 _c6439
_d6439